[Event "Zudov Memorial 12th"]
[Site "Nizhnij Tagil"]
[Date "2016.09.10"]
[Round "3"]
[White "Tretyakov, Stepan"]
[Black "Matsenko, Sergei"]
[Result "0-1"]
[WhiteElo "1980"]
[BlackElo "2522"]
[PlyCount "134"]
[EventDate "2016.09.08"]
[EventType "swiss"]
[EventRounds "9"]
[EventCountry "RUS"]
[SourceTitle "CBM 174 Extra"]
[Source "ChessBase"]
[SourceDate "2016.10.10"]
[SourceVersion "1"]
[SourceVersionDate "2016.10.10"]
[SourceQuality "1"]

1. d4 Nf6 2. c4 e6 3. Nf3 Bb4+ 4. Bd2 Qe7 5. g3 Bxd2+ 6. Qxd2 Nc6 7. e3 d5 8. Qc3 0-0 9. Nbd2 Bd7 10. Bg2 a5 11. 0-0 dxc4 12. Nxc4 Nb4 13. Nfe5 Nfd5 14. Qd2 Bb5 15. Rfc1 a4 16. Na3 Be8 17. Nd3 Nxd3 18. Qxd3 c6 19. Nc4 f6 20. Qa3 Qxa3 21. bxa3 Bg6 22. Nd6 Rab8 23. Be4 Rfd8 24. Bxg6 Rxd6 25. Be4 f5 26. Bf3 Kf7 27. Rab1 b5 28. Bxd5 exd5 29. h4 Re8 30. Kg2 g6 31. Kf3 Ke6 32. Rh1 Kd7 33. Ke2 Rde6 34. Kd3 Kd6 35. Kc3 h6 36. Kb4 g5 37. hxg5 hxg5 38. Rbe1 f4 39. gxf4 gxf4 40. Rh3 Rg8 41. Rf3 fxe3 42. Rexe3 Rxe3 43. Rxe3 Rf8 44. f3 Rf4 45. Rd3 Rh4 46. Ka5 Kc7 47. Rd2 Rf4 48. Rd3 Kb7 49. Kb4 Kb6 50. Kc3 Rh4 51. Rd2 Rf4 52. Rd3 c5 53. dxc5+ Kxc5 54. Kd2 d4 55. Ke2 Rf8 56. Rd2 Re8+ 57. Kf2 Kc4 58. Rc2+ Kd3 59. Rb2 Rb8 60. f4 Kc3 61. Re2 Rf8 62. Kf3 Rd8 63. Re5 d3 64. Rc5+ Kb2 65. Rxb5+ Kxa2 66. Rh5 d2 67. Rh2 Kxa3 0-1

[Event "St Petersburg Summer op"]
[Site "St Petersburg"]
[Date "2016.08.23"]
[Round "7"]
[White "Tretyakov, Stepan"]
[Black "Gatalov, Dmitriy"]
[Result "1-0"]
[WhiteElo "2122"]
[BlackElo "1919"]
[PlyCount "65"]
[EventDate "2016.08.17"]
[EventType "swiss"]
[EventRounds "9"]
[EventCountry "RUS"]
[SourceTitle "CBM 174 Extra"]
[Source "ChessBase"]
[SourceDate "2016.10.10"]
[SourceVersion "1"]
[SourceVersionDate "2016.10.10"]
[SourceQuality "1"]

1. d4 d5 2. c4 e6 3. Nc3 Nf6 4. cxd5 exd5 5. Bg5 Be7 6. e3 0-0 7. Bd3 Nbd7 8. Qc2 c6 9. Nge2 Re8 10. 0-0 Nf8 11. f3 Ng6 12. Rad1 Nh5 13. Bxe7 Rxe7 14. e4 Nhf4 15. e5 Nxd3 16. Qxd3 Qd7 17. Ng3 Nh4 18. f4 Nf5 19. Nce2 Qe6 20. Qa3 Re8 21. Nxf5 Qxf5 22. Ng3 Qg4 23. f5 h5 24. h3 Qg5 25. Qf3 h4 26. Ne2 c5 27. Rde1 Qd2 28. e6 fxe6 29. f6 Rf8 30. f7+ Kh8 31. Nf4 Qxd4+ 32. Kh1 Qf6 33. Qh5+ 1-0

[Event "St Petersburg Summer op"]
[Site "St Petersburg"]
[Date "2016.08.20"]
[Round "4"]
[White "Dilmukhametov, Artur"]
[Black "Tretyakov, Stepan"]
[Result "1-0"]
[WhiteElo "2333"]
[BlackElo "2122"]
[PlyCount "65"]
[EventDate "2016.08.17"]
[EventType "swiss"]
[EventRounds "9"]
[EventCountry "RUS"]
[SourceTitle "CBM 174 Extra"]
[Source "ChessBase"]
[SourceDate "2016.10.10"]
[SourceVersion "1"]
[SourceVersionDate "2016.10.10"]
[SourceQuality "1"]

1. b3 Nf6 2. Bb2 g6 3. e4 d6 4. g3 Bg7 5. Bg2 0-0 6. Ne2 e5 7. 0-0 Nc6 8. h3 Nh5 9. d4 f5 10. exf5 gxf5 11. dxe5 dxe5 12. Nd2 Be6 13. c4 Qd7 14. Nf3 Qxd1 15. Raxd1 h6 16. Rfe1 Kf7 17. Nh4 Bf6 18. Nxf5 Bxf5 19. g4 Be6 20. gxh5 Rad8 21. Ng3 Nd4 22. Ne4 Be7 23. c5 b6 24. Rc1 b5 25. Kh2 Bd5 26. f4 Rg8 27. fxe5 Ne6 28. Rc2 Bh4 29. Nd6+ cxd6 30. Rf1+ Kg7 31. Bxd5 Rge8 32. exd6+ Kg8 33. Rg2+ 1-0

[Event "St Petersburg Summer op"]
[Site "St Petersburg"]
[Date "2016.08.17"]
[Round "1"]
[White "Tretyakov, Stepan"]
[Black "Turetsky, Mark"]
[Result "1-0"]
[WhiteElo "2122"]
[BlackElo "1622"]
[PlyCount "43"]
[EventDate "2016.08.17"]
[EventType "swiss"]
[EventRounds "9"]
[EventCountry "RUS"]
[SourceTitle "CBM 174 Extra"]
[Source "ChessBase"]
[SourceDate "2016.10.10"]
[SourceVersion "1"]
[SourceVersionDate "2016.10.10"]
[SourceQuality "1"]

1. d4 d5 2. c4 e6 3. Nc3 Nf6 4. cxd5 exd5 5. Bg5 Be7 6. e3 h6 7. Bh4 c6 8. Bd3 0-0 9. Qc2 Ne8 10. Bxe7 Qxe7 11. Nf3 Nd7 12. 0-0 Nd6 13. b4 a6 14. a4 Nf6 15. b5 axb5 16. axb5 Bd7 17. bxc6 bxc6 18. Ne5 Rfb8 19. Na4 Qe8 20. Nxd7 Nxd7 21. Qxc6 Qe6 22. Nc5 1-0

[Event "Samara Polugaevsky Memorial 6th"]
[Site "Samara"]
[Date "2016.07.06"]
[Round "4"]
[White "Makhno, Maria"]
[Black "Tretyakov, Stepan"]
[Result "1/2-1/2"]
[WhiteElo "1971"]
[BlackElo "2150"]
[PlyCount "106"]
[EventDate "2016.07.03"]
[EventType "swiss"]
[EventRounds "9"]
[EventCountry "RUS"]
[SourceTitle "EXT 2019"]
[Source "ChessBase"]
[SourceDate "2018.10.10"]
[SourceVersion "1"]
[SourceVersionDate "2018.10.10"]
[SourceQuality "1"]

1. d4 Nf6 2. c4 e6 3. Nc3 Bb4 4. Qc2 0-0 5. a3 Bxc3+ 6. Qxc3 b6 7. Bg5 Bb7 8. Nf3 d6 9. e3 Nbd7 10. h3 Rc8 11. b4 c5 12. dxc5 bxc5 13. Be2 Qb6 14. 0-0 Ne4 15. Qc2 d5 16. Bd3 Nef6 17. Bxf6 Nxf6 18. Rac1 dxc4 19. Qxc4 Bxf3 20. gxf3 Qb7 21. Kg2 cxb4 22. Qxb4 Qd5 23. Qb5 Qd6 24. Qa6 Rcd8 25. Rfd1 Qe5 26. Qxa7 Rd5 27. Qc7 Qh5 28. Be2 Rg5+ 29. Kh2 Qh4 30. Rf1 Qh6 31. Rg1 Rh5 32. Rg3 Nd5 33. Qd7 Nf6 34. Qb7 Rd5 35. Rc8 g6 36. Qb8 Ra5 37. Rxf8+ Qxf8 38. Qxf8+ Kxf8 39. Bf1 Rxa3 40. Rg5 Ra2 41. Kg3 Ra1 42. Kg2 Nd5 43. Rg4 Ra2 44. Kg3 g5 45. Rd4 Ke7 46. Bc4 Ra5 47. Bxd5 Rxd5 48. Ra4 Kf6 49. f4 h6 50. h4 Rd6 51. Ra7 e5 52. fxe5+ Kxe5 53. Re7+ Kf6 1/2-1/2

[Event "Samara Polugaevsky Memorial 6th"]
[Site "Samara"]
[Date "2016.07.05"]
[Round "3"]
[White "Tretyakov, Stepan"]
[Black "Drygalov, Sergey"]
[Result "0-1"]
[WhiteElo "2150"]
[BlackElo "2400"]
[PlyCount "59"]
[EventDate "2016.07.03"]
[EventType "swiss"]
[EventRounds "9"]
[EventCountry "RUS"]
[SourceTitle "EXT 2019"]
[Source "ChessBase"]
[SourceDate "2018.10.10"]
[SourceVersion "1"]
[SourceVersionDate "2018.10.10"]
[SourceQuality "1"]

1. d4 Nf6 2. c4 e6 3. Nf3 Bb4+ 4. Bd2 a5 5. g3 d5 6. cxd5 exd5 7. Bg2 0-0 8. 0-0 c6 9. Nc3 Bf5 10. Nh4 Be6 11. Rb1 Be7 12. Qc2 Re8 13. a3 Na6 14. Rfd1 Rc8 15. Na4 Ne4 16. Bxe4 dxe4 17. Ng2 Qxd4 18. Bxa5 Qe5 19. Bc3 Qb5 20. b4 Bg5 21. Bd2 e3 22. Nc3 exf2+ 23. Kf1 Qe5 24. Bxg5 Qxg5 25. Ne4 Bf5 26. Rd4 Qe7 27. Qc3 Bxe4 28. Rbd1 Bxg2+ 29. Kxg2 Qxe2 30. b5 0-1

[Event "Voronezh op-B 20th"]
[Site "Voronezh"]
[Date "2016.06.21"]
[Round "9"]
[White "Tretyakov, Stepan"]
[Black "Peschansky, Mikhail"]
[Result "0-1"]
[WhiteElo "2028"]
[BlackElo "2196"]
[PlyCount "124"]
[EventDate "2016.06.12"]
[EventType "swiss"]
[EventRounds "9"]
[EventCountry "RUS"]
[SourceTitle "EXT 2017"]
[Source "ChessBase"]
[SourceDate "2016.10.25"]
[SourceVersion "1"]
[SourceVersionDate "2016.10.25"]
[SourceQuality "1"]

1. d4 d5 2. c4 c6 3. cxd5 cxd5 4. Bf4 a6 5. Nc3 Nf6 6. e3 Nc6 7. Bd3 e6 8. Rc1 g6 9. Nf3 Nh5 10. Bg5 Be7 11. Bh6 Qb6 12. Qe2 Bf8 13. Bxf8 Kxf8 14. 0-0 Kg7 15. Na4 Qd8 16. Nc5 Nb4 17. Bb1 b6 18. Nd3 Nxd3 19. Bxd3 Bb7 20. Rc3 Re8 21. Rfc1 Re7 22. Qc2 Nf6 23. Ne5 Ne8 24. Kf1 Qd6 25. f4 f6 26. Nf3 Rd8 27. g4 Rdd7 28. g5 f5 29. Qa4 b5 30. Qa5 Rc7 31. a4 Rc4 32. axb5 axb5 33. Qxb5 Ba6 34. Qa5 Rxc3 35. Rxc3 Bxd3+ 36. Rxd3 Rb7 37. b3 Qb8 38. Nd2 Ra7 39. Qc3 Rc7 40. Qa1 Qc8 41. Ke2 Nd6 42. Qa5 Rc2 43. Qa7+ Kg8 44. Qa5 Ne4 45. Kf3 Rb2 46. Qb4 Ra2 47. Ke2 Rc2 48. Qa5 h6 49. h4 hxg5 50. hxg5 Kg7 51. Qa7+ Rc7 52. Qa5 Rc2 53. Qa7+ Kg8 54. Qa5 Kf7 55. Qa7+ Rc7 56. Qa5 Rc2 57. Qa7+ Kg8 58. Qa5 Nc3+ 59. Kf3 Ne4 60. Ke2 Kg7 61. Qa7+ Rc7 62. Qa5 Rc2 0-1

[Event "Voronezh op-B 20th"]
[Site "Voronezh"]
[Date "2016.06.16"]
[Round "5"]
[White "Tretyakov, Stepan"]
[Black "Kolomensky, Vladimir"]
[Result "0-1"]
[WhiteElo "2028"]
[BlackElo "2172"]
[PlyCount "96"]
[EventDate "2016.06.12"]
[EventType "swiss"]
[EventRounds "9"]
[EventCountry "RUS"]
[SourceTitle "EXT 2017"]
[Source "ChessBase"]
[SourceDate "2016.10.25"]
[SourceVersion "1"]
[SourceVersionDate "2016.10.25"]
[SourceQuality "1"]

1. d4 Nf6 2. c4 e6 3. Nf3 Bb4+ 4. Bd2 Qe7 5. g3 Nc6 6. Nc3 0-0 7. Bg2 Bxc3 8. Bxc3 Ne4 9. Rc1 d6 10. 0-0 Nxc3 11. Rxc3 e5 12. d5 Nb8 13. b4 Bg4 14. c5 a5 15. cxd6 cxd6 16. a3 axb4 17. axb4 Na6 18. Qb3 Rfc8 19. Rfc1 Qd8 20. h3 Bd7 21. Nd2 Rxc3 22. Rxc3 g6 23. Ne4 Bb5 24. Rc2 f5 25. Nc3 Bd7 26. e4 Rc8 27. Na2 Rxc2 28. Qxc2 Qb6 29. Qc4 Kf7 30. h4 Kg7 31. h5 gxh5 32. exf5 Bxf5 33. Qh4 Qc7 34. Qxh5 Bg6 35. Qg5 Qf7 36. Qd2 Qd7 37. f4 exf4 38. Qxf4 Qe7 39. Kh2 Qf6 40. Qe3 h6 41. Qe1 Qb2 42. Nc3 Nxb4 43. Qe7+ Bf7 44. Ne4 Nxd5 45. Qh4 Ne3 46. Qh3 Qxg2+ 47. Qxg2 Nxg2 48. Kxg2 Bd5 0-1

[Event "Voronezh op-B 20th"]
[Site "Voronezh"]
[Date "2016.06.12"]
[Round "1"]
[White "Tretyakov, Stepan"]
[Black "Chervonenkis, Boris"]
[Result "1-0"]
[WhiteElo "2028"]
[BlackElo "1696"]
[PlyCount "97"]
[EventDate "2016.06.12"]
[EventType "swiss"]
[EventRounds "9"]
[EventCountry "RUS"]
[SourceTitle "EXT 2017"]
[Source "ChessBase"]
[SourceDate "2016.10.25"]
[SourceVersion "1"]
[SourceVersionDate "2016.10.25"]
[SourceQuality "1"]

1. d4 d5 2. c4 c6 3. Nf3 Nf6 4. Nc3 dxc4 5. a4 Bf5 6. Ne5 e6 7. Nxc4 Bb4 8. Bg5 h6 9. Bh4 0-0 10. f3 g5 11. Bf2 Nd5 12. Qd2 b5 13. Ne3 Qa5 14. Rc1 bxa4 15. Nc4 Qc7 16. e4 Rc8 17. exf5 a3 18. fxe6 Re8 19. Nxa3 Nxc3 20. Rxc3 Rxe6+ 21. Be3 Bxc3 22. Qxc3 Nd7 23. Bc4 Re7 24. Kf2 Rae8 25. Nc2 Nb6 26. Ba2 Na4 27. Qb4 Nb6 28. Qc5 Nd5 29. Bxd5 cxd5 30. Qxc7 Rxc7 31. Nb4 Rb7 32. Bd2 Reb8 33. Nd3 Rc8 34. Bc3 f6 35. Ra1 Kf7 36. Ra5 Rd8 37. Bb4 Rdb8 38. Bc5 Rb3 39. Rxa7+ Kg6 40. Ke2 Re8+ 41. Kd2 f5 42. Ba3 f4 43. Re7 Rc8 44. Rd7 Re8 45. Ne5+ Kh5 46. Rxd5 Rc8 47. Rd6 Rb7 48. Ng4 Rh7 49. Nf6+ 1-0

[Event "Nezhmetdinov Memorial 38th"]
[Site "Kazan"]
[Date "2016.06.01"]
[Round "2"]
[White "Galaktionov, Artem"]
[Black "Tretyakov, Stepan"]
[Result "0-1"]
[WhiteElo "2181"]
[BlackElo "1967"]
[PlyCount "48"]
[EventDate "2016.05.31"]
[EventType "swiss"]
[EventRounds "9"]
[EventCountry "RUS"]
[SourceTitle "CBM 172 Extra"]
[Source "ChessBase"]
[SourceDate "2016.06.21"]
[SourceVersion "1"]
[SourceVersionDate "2016.06.21"]
[SourceQuality "1"]

1. d4 Nf6 2. Nf3 e6 3. c4 b6 4. g3 Ba6 5. b3 Bb4+ 6. Bd2 Be7 7. Bg2 c6 8. Nc3 d5 9. Ne5 Nfd7 10. Nxd7 Qxd7 11. cxd5 cxd5 12. 0-0 Nc6 13. Bc1 Bf6 14. Be3 0-0 15. Rc1 Rac8 16. Qd2 Rfd8 17. Rfd1 Qe7 18. g4 g5 19. Na4 h6 20. h4 gxh4 21. f4 Bg7 22. Bf2 Rd7 23. Qe1 Bf6 24. Rc3 Rdc7 0-1

[Event "Samara Polugaevsky Memorial 5th"]
[Site "Samara"]
[Date "2015.07.07"]
[Round "5"]
[White "Bogolepov, Grigory"]
[Black "Tretyakov, Stepan"]
[Result "1-0"]
[WhiteElo "1860"]
[BlackElo "1866"]
[PlyCount "103"]
[EventDate "2015.07.03"]
[EventType "swiss"]
[EventRounds "9"]
[EventCountry "RUS"]
[SourceTitle "EXT 2017"]
[Source "ChessBase"]
[SourceDate "2016.10.25"]
[SourceVersion "1"]
[SourceVersionDate "2016.10.25"]
[SourceQuality "1"]

1. e4 c5 2. Nf3 Nc6 3. d4 cxd4 4. Nxd4 g6 5. c4 Bg7 6. Be3 d6 7. Nc3 Nf6 8. Be2 0-0 9. 0-0 Bd7 10. f3 Nxd4 11. Bxd4 a5 12. b3 Bc6 13. Qd2 Nd7 14. Bxg7 Kxg7 15. Kh1 Nc5 16. Rfd1 Qb6 17. Rab1 Rfd8 18. Nd5 Bxd5 19. exd5 Kg8 20. Qc3 Qb4 21. Qb2 a4 22. a3 Qb6 23. b4 Nd7 24. Rbc1 Rdc8 25. Re1 Qf2 26. Qa1 b6 27. Bf1 Ne5 28. Re2 Qh4 29. Re4 Qh5 30. Rce1 Rc7 31. Qd4 Rb8 32. h3 f5 33. R4e3 g5 34. Rxe5 dxe5 35. Qxe5 Rbc8 36. Qxf5 Qg6 37. Qxg6+ hxg6 38. Re6 b5 39. c5 Rd8 40. Rxg6+ Kf7 41. Rxg5 Kf6 42. f4 Rcd7 43. c6 Rc7 44. Bxb5 Rb8 45. Bd3 e6 46. Rg6+ Kf7 47. Rxe6 Rd8 48. Bc4 Re7 49. Re5 Rxe5 50. fxe5 Re8 51. d6+ Kf8 52. d7 1-0

[Event "Samara Polugaevsky Memorial 5th"]
[Site "Samara"]
[Date "2015.07.06"]
[Round "4"]
[White "Tretyakov, Stepan"]
[Black "Toporkova, Sofia"]
[Result "0-1"]
[WhiteElo "1866"]
[BlackElo "1953"]
[PlyCount "94"]
[EventDate "2015.07.03"]
[EventType "swiss"]
[EventRounds "9"]
[EventCountry "RUS"]
[SourceTitle "EXT 2017"]
[Source "ChessBase"]
[SourceDate "2016.10.25"]
[SourceVersion "1"]
[SourceVersionDate "2016.10.25"]
[SourceQuality "1"]

1. d4 d5 2. c4 e6 3. Nc3 c6 4. cxd5 exd5 5. Qc2 g6 6. Nf3 Bf5 7. Qd1 Bg7 8. Bf4 Nf6 9. e3 0-0 10. Be2 Nbd7 11. h3 Ne4 12. Nxe4 dxe4 13. Nd2 g5 14. Bg3 Nf6 15. 0-0 Nd5 16. Nb3 Bg6 17. Nc5 b6 18. Na4 f5 19. Be5 Bxe5 20. dxe5 Qe7 21. Rc1 Rac8 22. Rxc6 Rxc6 23. Qxd5+ Re6 24. Nc3 Bf7 25. Rd1 Rxe5 26. Qc6 Rd8 27. Rxd8+ Qxd8 28. Nb5 Rc5 29. Qh6 Bg6 30. Nd4 Qf6 31. b3 Rc1+ 32. Kh2 f4 33. Bc4+ Kh8 34. Ne2 Rc2 35. h4 fxe3 36. fxe3 Qd6+ 37. Ng3 gxh4 38. Qxh4 Rxa2 39. Qg4 Qf8 40. Qg5 Rf2 41. Qe5+ Qg7 42. Qd5 Rf8 43. Nxe4 Qh6+ 44. Kg3 Qxe3+ 45. Kh2 Qxe4 46. Qd1 Qe5+ 47. Kg1 Bh5 0-1

[Event "Urals-ch 72nd"]
[Site "Tiumen"]
[Date "2014.03.24"]
[Round "5"]
[White "Tretyakov, Stepan"]
[Black "Drygalov, Andrey"]
[Result "0-1"]
[WhiteElo "1763"]
[BlackElo "2011"]
[PlyCount "92"]
[EventDate "2014.03.20"]
[EventType "swiss"]
[EventRounds "9"]
[EventCountry "RUS"]
[SourceTitle "CBM 159 Extra"]
[Source "ChessBase"]
[SourceDate "2014.04.24"]
[SourceVersion "1"]
[SourceVersionDate "2014.04.24"]
[SourceQuality "1"]

1. Nf3 Nf6 2. g3 g6 3. Bg2 Bg7 4. 0-0 d5 5. d4 0-0 6. c4 dxc4 7. Qa4 Nc6 8. Qxc4 Be6 9. Qd3 Bf5 10. Qd1 Ne4 11. e3 Nd6 12. Nh4 Be4 13. Nc3 Bxg2 14. Kxg2 b5 15. b3 e5 16. dxe5 Nxe5 17. Bb2 Qc8 18. Nd5 Qb7 19. Nf3 Rfe8 20. Rb1 Ne4 21. Qd4 f5 22. Rfd1 c5 23. Qxe5 Bxe5 24. Nxe5 Rad8 25. Nc6 Qxc6 26. Ne7+ Rxe7 27. Rxd8+ Re8 28. Rxe8+ Qxe8 29. f3 Nd2 30. Re1 Qc6 31. e4 fxe4 32. fxe4 c4 33. Kh3 c3 34. Bc1 Nxe4 35. Rf1 Qd7+ 36. Kg2 Nd2 37. Rf2 Qd5+ 38. Kh3 Qe6+ 39. Kg2 Qd5+ 40. Kh3 b4 41. a3 Qe6+ 42. Kh4 Qe1 43. Rf4 Qxc1 44. Kg5 Nf3+ 45. Kf6 Qxf4+ 46. gxf4 c2 0-1